Dvojmesačný ostrov slobody Spomíname na udalosti pred 35 rokmi

Bibliographic Details
Main Author: Kamenec, Ivan, 1938- (Author)
Format: Article
Language:Slovak
Subjects:

MARC

LEADER 00000nab a2200000 a 4500
001 vtls000040222
003 SK-MaSNL
005 20260303030851.0
008 180409c1979 xo 0 slo
015 |a SNBRB19rr/mm-uuuuu 
035 |a CL0050317 
040 |a SNKBUCL  |b slo  |c SNKBUCL  |e AACR2 
041 0 |a slo 
044 |a xo  |c SK 
080 |a 943.76  |2 1981 
100 1 |a Kamenec, Ivan,  |d 1938-  |4 aut  |9 102304 
245 1 0 |a Dvojmesačný ostrov slobody  |b Spomíname na udalosti pred 35 rokmi  |c Ivan Kamenec 
300 |b Obr. 1. 
650 0 7 |a Slovenské národné povstanie (1944)  |2 snkbucl  |9 177948 
655 7 |a články z novín a časopisov  |2 snkbucl  |9 267496 
773 0 |t Práca  |g Roč. 34, č. 212 (8. 9. 1979), s. 7 
850 |a Slovenská národná knižnica v Martine  |a MTA001 
852 |a SNK  |b KIS3GCP 
958 |a RK 
992 |a RBX 
999 |c 1654607  |d 1656537